| 000 | 004650000a22001810004500 | ||
|---|---|---|---|
| 003 | LK-CoMWRAF | ||
| 008 | 230817t ||||| |||| 00| 0 eng d | ||
| 020 | _a0600595102 | ||
| 040 |
_aLK-CoMWRAF _dLK-CoMWRAF _eLK-CoMWRAF |
||
| 041 | _aeng | ||
| 082 |
_a800 _bFAR |
||
| 100 | _aFarrell, Jacqueline | ||
| 245 |
_aHamlyn Needlework _bHand and Machine Embroidery |
||
| 260 |
_bHamlyn _aLondon _c1998 |
||
| 300 | _ap.144 | ||
| 650 | _aTraining Materials | ||
| 942 | _cBK | ||
| 999 |
_c1280 _d1280 |
||